| 000 | 00898nam a22002537a 4500 | ||
|---|---|---|---|
| 999 |
_c64153 _d64153 |
||
| 003 | OSt | ||
| 005 | 20240530110717.0 | ||
| 008 | 180306s2016 ua g 000 f ara d | ||
| 017 |
_a2016/16835 _bمصر. دار الكتب |
||
| 020 | _a9789773193010 | ||
| 040 |
_aEG-CaGPL _cEG-CaGPL |
||
| 082 | 0 | 4 |
_221 _a893.819 / _bع و |
| 100 | 1 | _aعثمانلى، توميسلاف | |
| 245 | 1 | 2 |
_aالواحد والعشرون : _bرواية من مقدونيا / _cتوميسلاف عثمانلى ؛ ترجمة هند عادل |
| 250 | _aط.1 | ||
| 260 |
_aالقاهرة : _bالعربى للنشر و التوزيع ، _c2016. |
||
| 300 |
_a365 ص. ؛ _c19 سم. |
||
| 650 | 0 | 7 |
_2qrmak _aالادب المقدونى |
| 650 | 0 | 7 |
_2qrmak _aالقصص المقدونية |
| 651 | _2qrmak | ||
| 700 | 0 |
_aهند عادل _eمترجم |
|
| 942 |
_2ddc _cBK |
||